00729nam a22002177a 4500003000500000005001700005008004100022010001000063011001000073035001000083040000900093100003700102245009100139260004200230300001100272500001000283502007900293650003900372650003100411710006900442CHAP20220329141519.0971013s1989 r 00010 d a69374 a70346 a79827 cCHAP00aMartínez, Adrián de Jesús. aSelección masal para adaptación en Chapingo de una población de maíz tuxpeño aMontecillo, Méx. :bEl autor,c1989 a103 h. a33-28 aTesis (Maestro en Ciencias Esp. en Genética) -- CP. Centro de Genética14aMaízxEfecto del medio ambiente.14aMaízxSelección masal.0 aColegio de Postgraduados. Chapingo, Méx. Centro de Genética.